KOHA-Header-6

Machine Learning & Data Science Blueprints for Finance : From Building Trading Strategies to Robo-Advisors Using Python (Record no. 13807)

000 -LEADER
fixed length control field 00388nam a22001217a 4500
020 ## - INTERNATIONAL STANDARD BOOK NUMBER
ISBN 9781492073055
082 ## - DEWEY DECIMAL CLASSIFICATION NUMBER
Classification number 006.31
100 ## - MAIN ENTRY--AUTHOR NAME
Personal name Hariom Tatsat, Sahil Puri & Brad Lookbaugh
245 ## - TITLE STATEMENT
Title Machine Learning & Data Science Blueprints for Finance : From Building Trading Strategies to Robo-Advisors Using Python
260 ## - PUBLICATION, DISTRIBUTION, ETC. (IMPRINT)
Place of publication USA
Name of publisher O'Reilly
Year of publication 2021
300 ## - PHYSICAL DESCRIPTION
Number of Pages xv, 409 pages
942 ## - ADDED ENTRY ELEMENTS (KOHA)
Koha item type Books
Holdings
Withdrawn status Lost status Collection code Permanent Location Current Location Shelving location Date acquired Full call number Accession Number Koha item type
    Computer Networking MAJU MAJU Shelf No.A33 2023-10-12 006.31 10889 Books

Powered by Koha